000 00622nam a2200181Ia 4500
008 151018s9999 xx 000 0 und d
082 _bRBASDV9669
_a891.463
100 _aइडगार बरोज राईस
245 _aटारझन भाग-२ रा
250 _b1
260 _bभारतीय प्रकाशन संस्था
_c1968
300 _a142
600 _aइडगार बरोज राईस
630 _aटारझन भाग-२ रा
700 _aइडगार बरोज राईस
730 _aटारझन भाग-२ रा
942 _cBOOK
999 _c1012033
_d1012030